000 00925nam a2200349 a 4500
003 AR-BaBNM
005 20251128203452.0
008 082120s2002 ||||||||||||||000 | spa||
020 _a950-537-075-3
040 _cAR-BaBNM
100 1 _aDurini, Angel J.
245 0 0 _aDecadencia y renacimiento de la economía argentina
260 _aBuenos Aires
_bEdiciones Macchi
_c1984
300 _axii, 430 p.
_bgráfs., tablas
500 _aContiene referencias bibliográficas
650 4 _aHISTORIA ECONOMICA
650 4 _aPOLITICA ECONOMICA
650 4 _aAHORRO
650 4 _aINVERSION
650 4 _aINTERES
650 4 _aFINANCIACION
650 4 _aPRECIOS
650 4 _aPRODUCCION
650 4 _aFLUCTUACIONES ECONOMICAS
650 4 _aIMPUESTOS
650 4 _aMONEDA
650 4 _aINFLACION
650 4 _aSIGLO VEINTE
653 _aPROCESO DE REORGANIZACION NACIONAL
942 _cBK
998 _cMariana
999 _c3524
_d3524